|
|
|
|
| LEADER |
00000nam0a2200000 4500 |
| 001 |
280106 |
| 005 |
20231101235256.0 |
| 035 |
|
|
|a (RuTPU)RU\TPU\book\303415
|
| 090 |
|
|
|a 280106
|
| 100 |
|
|
|a 20141225d1986 k y0rusy50 ca
|
| 101 |
0 |
|
|a rus
|
| 102 |
|
|
|a RU
|
| 105 |
|
|
|a y z 001zy
|
| 200 |
1 |
|
|a Дифференциальные уравнения в частных производных
|e межвузовский сборник научных трудов
|f Ленинградский государственный педагогический институт им. А. И. Герцена (ЛГПИ) ; отв. ред. Н. М. Матвеев
|
| 210 |
|
|
|a Ленинград
|c Изд-во ЛГПИ
|d 1986
|
| 215 |
|
|
|a 146 с.
|
| 320 |
|
|
|a Библиография в конце статей
|
| 606 |
1 |
|
|a Дифференциальные уравнения с частными производными
|2 stltpush
|3 (RuTPU)RU\TPU\subj\9724
|9 36903
|
| 610 |
1 |
|
|a математический анализ
|
| 610 |
1 |
|
|a математическая физика
|
| 610 |
1 |
|
|a краевые задачи
|
| 610 |
1 |
|
|a уравнения второго порядка
|
| 610 |
1 |
|
|a нелинейные системы
|
| 675 |
|
|
|a 517.951
|v 4
|
| 702 |
|
1 |
|a Матвеев
|b Н. М.
|4 340
|
| 712 |
0 |
2 |
|a Ленинградский государственный педагогический институт им. А. И. Герцена (ЛГПИ)
|2 stltpush
|3 (RuTPU)RU\TPU\col\8005
|
| 801 |
|
1 |
|a RU
|b 63413507
|c 20141225
|
| 801 |
|
2 |
|a RU
|b 63413507
|c 20170426
|g RCR
|
| 942 |
|
|
|c BK
|